| 000 | 00743nam a2200217 a 4500 | ||
|---|---|---|---|
| 001 | 000028468 | ||
| 005 | 20240412074253.0 | ||
| 008 | 110408s1995 dr 000 p spa d | ||
| 040 |
_aDO-SdBNP _bspa _cBNPHU |
||
| 082 |
_aRD861.44 _bT693t |
||
| 100 | 1 |
_aTorres, Alfonso _926456 |
|
| 245 | 1 | 0 |
_aTras la lluvia / _cAlfonso Torres ; prólogo Ángela Hernández Núñez. |
| 260 |
_aSanto Domingo : _bBúho, _c1995. |
||
| 300 |
_a62 p. : _bil. ; _c21 cm. |
||
| 500 | _aIncluye datos biográficos del autor en la contracubierta. | ||
| 590 | _aInventariado, 2019/LP | ||
| 650 | 0 |
_aPoesía dominicana _966 |
|
| 650 | 0 |
_aLiteratura dominicana. _967 |
|
| 700 | 1 |
_aHernández, Ángela, _d1954- _epról. _92564 |
|
| 910 | _aValidado. Control de calidad EMS | ||
| 999 |
_c27960 _d27960 |
||